00550 2200205 4500001002100000005001500021035002000036007000300056008004100059020001800100082001100118084001700129100002100146245006400167250001000231260004700241300002900288650001800317990000900335INLIS00000000000113620171211024915 a0010-1217000051ta171211 f 0 ind  a979-3471-71-9 a297.41 a297.41 HUD s0 aHudzaifah Ismail1 aSesegar Telaga Kautsar :bTadabbur kreatif 30 ayat motivasi aCet.1 aJakarta Selatan :bSenayanPublising,c2006 a332hlm ;c13,5 x 20,5 cm aAyat AlQur'an a2133